| 000 | 01071nam1a22003011i 4500 | ||
|---|---|---|---|
| 001 | v19\rc\1723354 | ||
| 005 | 20240725223947.0 | ||
| 035 | _a(NLR Aleph) 004820524 | ||
| 090 |
_a5013528 _c5013528 |
||
| 100 | _a20061002d1901 |||y0rusy50 ca | ||
| 101 | 1 |
_arus _cger |
|
| 102 | _aRU | ||
| 105 | _ay z ||||| | ||
| 200 | 1 |
_aСборник стратегическо-тактических задач _fФон-Гижицки _gПер. с нем. Ген. штаба полк. Иозефовича и 140 Пех. Зарайск. полка подполк. Нагродского. Кн. 1 |
|
| 210 |
_aРязань _cтипо-лит. Н.Д. Малашкина _d1901 |
||
| 215 | _d22 | ||
| 700 | 1 |
_aГижицки _bфон |
|
| 702 | 1 |
_aИозефович _4730 |
|
| 702 | 1 |
_aНагродский _4730 |
|
| 801 | 0 |
_aRU _bNLR _gpsbo |
|
| 801 | 0 |
_aRU _bRuMoRGB _2psbo |
|
| 801 | 1 |
_aRU _bProSoft-M _2rusmarc |
|
| 852 |
_aNLR _j34.52.3.498 |
||
| 852 |
_aNLR _j34.53.4.541 |
||
| 899 |
_aRuMoRGB _jF 82/112 |
||
| 899 |
_aRuMoRGB _jΔ 124/214 |
||
| 899 |
_aRuMoRGB _jG 78/211 |
||
| 942 | _cBOOK | ||